|
|
|
|
| LEADER |
00000naa2a2200000 4500 |
| 001 |
603336 |
| 005 |
20260302164518.0 |
| 035 |
|
|
|a (RuTPU)RU\TPU\conf\520
|
| 035 |
|
|
|a RU\TPU\conf\325
|
| 090 |
|
|
|a 603336
|
| 100 |
|
|
|a 20140113d2008 k y0rusy50 ca
|
| 101 |
0 |
|
|a rus
|
| 102 |
|
|
|a RU
|
| 135 |
|
|
|a drnn ---uucaa
|
| 181 |
|
0 |
|a i
|
| 182 |
|
0 |
|a b
|
| 200 |
1 |
|
|a Формализация деятельности склада с применением структурного моделирования
|f О. М. Замятина, В. Н. Тюльменков
|
| 203 |
|
|
|a Текст
|c электронный
|
| 215 |
|
|
|a 1 файл (463 Кб)
|
| 300 |
|
|
|a Заглавие с титульного листа.
|
| 337 |
|
|
|a Adobe Reader
|
| 463 |
|
1 |
|0 (RuTPU)RU\TPU\conf\21
|t Молодежь и современные информационные технологии
|o сборник трудов VI Всероссийской научно-практической конференции студентов, аспирантов и молодых ученых, г. Томск, 26-28 февраля 2008 г.
|f Томский политехнический университет (ТПУ), Институт "Кибернетический центр" ; ред. коллегия А. И. Кочегуров ; О. М. Замятина ; И. А. Ботыгин ; В. П. Зимин ; А. Ф. Тузовский ; Е. А. Дмитриева ; В. С. Шерстнёв
|v [С. 184-186]
|d 2008
|
| 610 |
1 |
|
|a труды учёных ТПУ
|
| 610 |
1 |
|
|a электронный ресурс
|
| 610 |
1 |
|
|a формализация
|
| 610 |
1 |
|
|a структурное моделирование
|
| 610 |
1 |
|
|a склады
|
| 610 |
1 |
|
|a бизнес-процессы
|
| 700 |
|
1 |
|a Замятина
|b О. М.
|c специалист в области информатики и вычислительной техники
|c доцент Томского политехнического университета, кандидат технических наук
|f 1978-
|g Оксана Михайловна
|3 (RuTPU)RU\TPU\pers\25543
|9 11473
|
| 701 |
|
1 |
|a Тюльменков
|b В. Н.
|
| 801 |
|
2 |
|a RU
|b 63413507
|c 20140113
|g RCR
|
| 856 |
4 |
|
|u http://www.lib.tpu.ru/fulltext/c/2008/C04/003.pdf
|
| 942 |
|
|
|c BK
|